000 00629nmc a2200253 a 4500
003 AR-BaBNM
005 20251128204627.0
008 257019s1993 ||||||||||||||000 | spa||
020 _a950-04-1267-5
040 _cAR-BaBNM
100 0 _aZiraldo
245 1 0 _aEl chico de la historieta
260 _aBuenos Aires
_bEmecé
_c1993
300 0 _a30 p.
_bil.
490 0 _aPequeño Emecé
650 4 _aLIBROS PARA NINOS
650 4 _aLITERATURA INFANTIL
653 0 _aCUENTO MARAVILLOSO
653 0 _aHISTORIETAS
655 _aLITERATURA
700 1 _aGüiraldes, Mercedes
_etraductor
942 _cBK
998 _cMARTIN
999 _c8140
_d8140